Súčasné potreby starých ľudí a kvalita ich života

Gespeichert in:
Bibliographische Detailangaben
1. Verfasser: Majcherová, Katarína
Weitere Verfasser: Hajduová, Zuzana, 1974-
Format: Buchkapitel
Sprache:Slowakisch
Tags: Tag hinzufügen
Keine Tags, Fügen Sie das erste Tag hinzu!

MARC

LEADER 00000naa$a2200000$$$4500
001 0096638
005 20240502072055.5
041 0 |a slo 
044 |a SK 
245 1 0 |a Súčasné potreby starých ľudí a kvalita ich života  |c Katarína Majcherová, Zuzana Hajduová 
100 1 |a Majcherová, Katarína 
700 1 |a Hajduová, Zuzana, 1974-